000 nam a22 7a 4500
999 _c233524
_d233524
003 Nust
005 20170308144103.0
008 170308b xxu||||| |||| 00| 0 eng d
020 _a9781865083544
040 _cNust
082 _a823.3
_bMAC
100 _a Macdonald, Beverley
245 _aBig bangs /
_cby Beverley Macdonald
260 _aNew Delhi:
_bAllen & Unwin,
_c2004
300 _a180 p.
650 _aNatural disasters
942 _2ddc
_cBK